• 首页
  • 本馆介绍
  • 公告通知
  • 最新文献
  • 馆藏检索
  • 电子资源
  • 读者导购
  • 参考咨询
  • 我的图书馆
  • 登录
  • 详细信息显示
  • 放入我的书架
  • 预约/预借图书
  • 作者相关作品
  • 分类相关作品
  • 丛书相关作品
  • 出版社相关作品

书目信息

  • 表格格式
  • 工作单格式
  • 卡片格式
题名:
为胜利实现十三大的任务而奋斗
    
 
作者: 武树帜 编著
分册:  
出版信息: 北京   新华出版社  1987.11
页数: 294页
开本: 19厘米
丛书名:
单 册:
中图分类: D229
科图分类: 33.12424
主题词: 中共十三大(1987)--文件--学习参考资料
电子资源:
ISBN: 7-5011-0129-9
000 01005nam0 2200253 45
001 0188021147
005 20070724090928.12
010    @a7-5011-0129-9@dCNY2.30
020    @aCN@b88021147
100    @a19910417d1987 m y0chiy0120 ea
101 0  @achi
102    @aCN@b110000
105    @ay z 000yy
200 10 @a为胜利实现十三大的任务而奋斗@Awei sheng li shi xian shi san da de ren wu er fen dou@e十三大精神学习辅导材料@Eshi san da jing shen xue xi fu dao cai liao@f武树帜等编著@Fwu shu zhi deng bian zhu
210    @a北京@c新华出版社@d1987.11
215    @a294页@d19厘米
300    @a书名页编者为:十三大精神学习辅导材料编写组
540 1  @a为胜利实现十三大的任务而奋斗@e十三大精神学习辅导材料@Awei sheng li shi xian shi san da de ren wu er fen dou@Eshi san da jing shen xue xi fu dao cai liao
606    @a中共十三大(1987)@x文件@x学习参考资料
690    @aD229@v1980
692    @a33.12424@v1974
701  0 @a武树帜@Awu shu zhi@4编著
801  0 @aCN@bTSSF@c20070724
905    @a10447@dD229@e166
    
    为胜利实现十三大的任务而奋斗:十三大精神学习辅导材料/武树帜等编著.-北京:新华出版社,1987.11
    294页;19厘米
    书名页编者为:十三大精神学习辅导材料编写组
    
    ISBN 7-5011-0129-9:CNY2.30
    
●
相关链接 在E读中查询图书 在五车中查询图书 在当当中查询图书 在豆瓣中查询图书


正题名:为胜利实现十三大的任务而奋斗     索取号:D229/166         预约/预借

序号 登录号 条形码 馆藏地/架位号 状态 备注
1 0767275   207672758   第一样本阅览室/ [索取号:D229/166] 在馆    
唐山师范学院图书馆 欢迎您!
大连网信软件有限公司© 版权所有